Tate McRae - Chansons de l'album I Used to Think I Could Fly - Statistiques

Statistiques générales
  • Ce quiz a été pris 72 fois
  • Le résultat moyen est 10 sur 13
Statistiques - réponses
Hint Réponse % Correct
8 She's All I Wanna Be
88%
4 What Would You Do?
84%
9 Boy X
81%
11 Feel Like Shit
81%
12 Go Away
79%
13 I Still Say Goodnight
79%
7 What's Your Problem?
79%
5 Chaotic
77%
10 You're So Cool
77%
6 Hate Myself
72%
3 I'm So Gone
72%
2 Don't Come Back
70%
1 ?(question mark / point d'interrogation)
42%
Aucun quiz correspondant
Distribution des résultats
% des personnes avec chaque résultat
Percentile par nombre de réponses
Votre historique - résultats
Vous n’avez pas pris ce quiz